000 00842nam a2200181Ia 4500
008 100921s9999 xx 000 0 und d
082 _b23004
_a320 थ 90
100 _aभावे पुरूषोत्तम भास्कर.
245 _aसर्वनाश-फाळणीच्या कालखंडाचे चित्रण.
260 _bमनोरमा प्रकाशन,मुंबई.
_c1990
300 _a272
_b---
365 _b100
520 _aस.शा.राज्यशास्त्र.
630 _aसर्वनाश-फाळणीच्या कालखंडाचे चित्रण.
650 _aस.शा.राज्यशास्त्र.
730 _aसर्वनाश-फाळणीच्या कालखंडाचे चित्रण.
942 _cBOOK
999 _c772117
_d772114